00577nam a2200169 a 450000100100000000500170001000800410002702000180006804000250008610000430011124500530015426000510020730000210025850000420027950000530032150000330037400000608920200929151925.0090826s2008 dr 001 0 spa d a9789945867206 aDO-SdBNPbspacBNPHU1 aEscrivá De Balaguer, San Josemaría10aCamino /cSan Josemaría Escrivá de Balaguer. aSanto Domingo :bEdiciones Pico Duerte,c2008. a358 p. ;c17 cm. aIncluye datos biográficos del autor aIncluye índice de cita de la sagrada escritura aIncluye índice analítico